00710nam a22001937a 450000500170000001000150001702000110003203500140004303700130005708200100007010000360008024500940011626000340021027000760024430000210032094200240034199900190036595201320038420231114154647.0 aENG-133636 c350.00 aEN-117168 bDBAD/PUB a230.1 aManoharji, Goswami Shyam958638 aManagement of Purushartha:bBasic objects of human existence/cBy Goswami Shyam Manoharji aMumbaibGoswami Shyam Manohar a63, Swastik Society, 4th road, Juhu Scheme, Ville ParlebMumbaie400056 a544p.c22cm(pbk) 2ddccENh230.1mMAN c190105d190105 001040708NFICaBNbBNd2022-07-18eDBAD/PUBg350.00l0o230.1 MANpEN-117168r2022-07-18 00:00:00t1v350.00w2022-07-18yEN